| 000 -LEADER |
| fixed length control field |
02618cam a2200373 a 4500 |
| 001 - CONTROL NUMBER |
| control field |
16094291 |
| 005 - DATE AND TIME OF LATEST TRANSACTION |
| control field |
20170105102904.0 |
| 008 - FIXED-LENGTH DATA ELEMENTS--GENERAL INFORMATION |
| fixed length control field |
100217s2011 enk b 101 0 eng |
| 010 ## - LIBRARY OF CONGRESS CONTROL NUMBER |
| LC control number |
2010005350 |
| 020 ## - INTERNATIONAL STANDARD BOOK NUMBER |
| International Standard Book Number |
9780415355926 (hardback) |
| 020 ## - INTERNATIONAL STANDARD BOOK NUMBER |
| International Standard Book Number |
0415355923 (hardback) |
| 035 ## - SYSTEM CONTROL NUMBER |
| System control number |
(OCoLC)ocn522429335 |
| 040 ## - CATALOGING SOURCE |
| Original cataloging agency |
DLC |
| Transcribing agency |
DLC |
| Modifying agency |
YDX |
| -- |
BWK |
| -- |
YDXCP |
| -- |
RCE |
| -- |
IAY |
| -- |
LML |
| -- |
DLC |
| 043 ## - GEOGRAPHIC AREA CODE |
| Geographic area code |
e------ |
| 050 00 - LIBRARY OF CONGRESS CALL NUMBER |
| Classification number |
BP43.E85 |
| Item number |
P76 2011 |
| 082 00 - DEWEY DECIMAL CLASSIFICATION NUMBER |
| Classification number |
297.7/7094 |
| Edition number |
22 |
| 245 00 - TITLE STATEMENT |
| Title |
Producing Islamic knowledge : |
| Remainder of title |
transmission and dissemination in Western Europe / |
| Statement of responsibility, etc. |
edited by Martin van Bruinessen and Stefano Allievi. |
| 260 ## - PUBLICATION, DISTRIBUTION, ETC. |
| Place of publication, distribution, etc. |
London ; |
| -- |
New York : |
| Name of publisher, distributor, etc. |
Routledge, |
| Date of publication, distribution, etc. |
2011. |
| 300 ## - PHYSICAL DESCRIPTION |
| Extent |
xii, 196 p. ; |
| Dimensions |
25 cm. |
| 490 1# - SERIES STATEMENT |
| Series statement |
Routledge Islamic studies series |
| 500 ## - GENERAL NOTE |
| General note |
"Early versions of most chapters were presented as work in progress at the Fourth Mediterranean Social and Political Research Meeting in Montecatini Terme in 2003"--Pref. |
| 504 ## - BIBLIOGRAPHY, ETC. NOTE |
| Bibliography, etc. note |
Includes bibliographical references and index. |
| 505 0# - FORMATTED CONTENTS NOTE |
| Formatted contents note |
Producing Islamic knowledge in Western Europe: discipline, authority, and personal quest / Martin van Bruinessen -- Muslim voices, European ears: exploring the gap between the production of Islamic knowledge and its perception / Stefano Allievi -- An emerging european Islam: the case of the minhajul Qur'an in the Netherlands / Amer Morgahi -- Religious authority, social action and political participation: a case study of the Mosquée de la rue de Tanger in Paris / Valérie Amiraux -- The pattern of Islamic reform in Britain: the Deobandis between intra-Muslim sectarianism and engagement with wider society / Jonathan Birt and Philip Lewis -- Transnational ulama, European fatwas, and Islamic authority: a case study of the European Council for Fatwa and Research / Alexandre Caeiro -- Cyber-fatwas, sermons, and media campaigns: Amr Khaled and Omar Bakri Muhammad in search of new audiences / Ermete Mariani -- Guénonian traditionalism and European Islam / Mark Sedgwick. |
| 650 #0 - SUBJECT ADDED ENTRY--TOPICAL TERM |
| Topical term or geographic name entry element |
Islamic religious education |
| Geographic subdivision |
Europe |
| Form subdivision |
Congresses. |
| 650 #0 - SUBJECT ADDED ENTRY--TOPICAL TERM |
| Topical term or geographic name entry element |
Islam |
| Geographic subdivision |
Europe |
| Form subdivision |
Congresses. |
| 700 1# - ADDED ENTRY--PERSONAL NAME |
| Personal name |
Bruinessen, Martin van. |
| 700 1# - ADDED ENTRY--PERSONAL NAME |
| Personal name |
Allievi, Stefano. |
| 711 2# - ADDED ENTRY--MEETING NAME |
| Meeting name or jurisdiction name as entry element |
Mediterranean Social and Political Research Meeting |
| Number of part/section/meeting |
(4th : |
| Date of meeting |
2003 : |
| Location of meeting |
Montecatini Terme, Italy) |
| 830 #0 - SERIES ADDED ENTRY--UNIFORM TITLE |
| Uniform title |
Routledge Islamic studies. |
| 906 ## - LOCAL DATA ELEMENT F, LDF (RLIN) |
| a |
7 |
| b |
cbc |
| c |
orignew |
| d |
1 |
| e |
ecip |
| f |
20 |
| g |
y-gencatlg |
| 942 ## - ADDED ENTRY ELEMENTS (KOHA) |
| Source of classification or shelving scheme |
|
| Koha item type |
Book |